000 01335nam a22003252a 4500
001 35006
003 BD-RjUL
005 20211209052239.0
008 140520s1930 nyu 000 0 eng d
035 _aOCLC ocm02901958 from D960601M
_a(BD-RjUL)35100
040 _aDLC
_cIQU
_dBD-RjUL
_beng
041 1 _aengger
082 _a305.40954
_bMES V-1 1930
100 1 _aMeyer, Johann Jakob
_d1870-1939.
_9106596
245 1 0 _aSexual life in ancient India :
_ba study in the comparative history of Indian culture /
_cby Johann Jakob Meyer
_nVolume One
260 _aLondon :
_bG. Routledge & Sons, ltd,
_c1930.
300 _axi, 275 p.;
_c23 cm
490 1 _aBroadway Oriental library
500 _aPaged continuosly
500 _aAn account of the life of woman in ancient India, based upon material in the Mahābhārata and the Rāmāyana; with emendations and additions by the author, who has completely revised the German work. cf. v. 1, p. [iv] and vii
500 _aTranslation of Das weib im altindischen epos
600 0 0 _aVālmīki.
_9106868
650 0 _aWomen
_zIndia
_9106598
650 0 _aHindu civilization
_9106599
650 0 _aSex customs
_zIndia
_xHistory.
_9105952
651 0 _aIndia
_xSocial life and customs
_9106600
830 0 _aBroadway Oriental library
_9106869
942 _2ddc
_cBK
999 _c35006
_d35006